Poskytovanie likvidity pre automatického tvorcu trhu

Dodávanie likvidity do fondov decentralizovaných búrz ako nová, prudko sa rozvíjajúca oblasť v decentralizovaných financiách. Vzťah medzi zmenou ceny a poskytnutej likvidity pri využití konceptu decentralizovanej burzy. Kryptomeny a blockchain a ich uplatnenie v decentralizovaných financiách.

Salvato in:
Dettagli Bibliografici
Autore principale: Badura, Peter, 1978-
Altri autori: Kalusová, Lenka, 1987-
Natura: Capitolo di libro
Lingua:slovacco
Soggetti:
Tags: Aggiungi Tag
Nessun Tag, puoi essere il primo ad aggiungerne!!

MARC

LEADER 00000naa$a2200000$$$4500
001 0281090
005 20240502074352.1
041 0 |a slo 
044 |a SK 
245 1 0 |a Poskytovanie likvidity pre automatického tvorcu trhu  |c Peter Badura, Lenka Kalusová 
520 |a Dodávanie likvidity do fondov decentralizovaných búrz ako nová, prudko sa rozvíjajúca oblasť v decentralizovaných financiách. Vzťah medzi zmenou ceny a poskytnutej likvidity pri využití konceptu decentralizovanej burzy. Kryptomeny a blockchain a ich uplatnenie v decentralizovaných financiách. 
610 2 0 |a likvidita 
610 2 0 |a ceny 
610 2 0 |a financie 
610 2 0 |a mena digitálna 
610 2 0 |a burzy 
100 1 |a Badura, Peter, 1978- 
700 1 |a Kalusová, Lenka, 1987-